Guide to agriculture, U.S.A. / (Record no. 11351)
[ view plain ]
| 000 -LEADER | |
|---|---|
| fixed length control field | 00998cam a22002891a 4500 |
| 001 - CONTROL NUMBER | |
| control field | agr51000390 |
| 003 - CONTROL NUMBER IDENTIFIER | |
| control field | DLC |
| 005 - DATE AND TIME OF LATEST TRANSACTION | |
| control field | 20260227111015.0 |
| 008 - FIXED-LENGTH DATA ELEMENTS--GENERAL INFORMATION | |
| fixed length control field | 800407s1951 dcuab b f000 0 eng c |
| 010 ## - LIBRARY OF CONGRESS CONTROL NUMBER | |
| LC control number | agr51000390 |
| 035 ## - SYSTEM CONTROL NUMBER | |
| System control number | (OCoLC)6173627 |
| 040 ## - CATALOGING SOURCE | |
| Original cataloging agency | U.S. Dept. of Agr. Libr. |
| Transcribing agency | WU |
| Modifying agency | DNAL |
| -- | DLC |
| 042 ## - AUTHENTICATION CODE | |
| Authentication code | premarc |
| 043 ## - GEOGRAPHIC AREA CODE | |
| Geographic area code | n-us--- |
| 050 00 - LIBRARY OF CONGRESS CALL NUMBER | |
| Classification number | S21 |
| Item number | .A74 no. 30 |
| 070 0# - NATIONAL AGRICULTURAL LIBRARY CALL NUMBER | |
| Classification number | 1 |
| Item number | Ag84Ab no.30 |
| 072 0# - SUBJECT CATEGORY CODE | |
| Subject category code | A000 |
| 082 ## - DEWEY DECIMAL CLASSIFICATION NUMBER | |
| Classification number | 630.973 |
| 100 1# - MAIN ENTRY--PERSONAL NAME | |
| Personal name | Raper, Arthur Franklin, |
| Dates associated with a name | 1899- |
| 245 10 - TITLE STATEMENT | |
| Title | Guide to agriculture, U.S.A. / |
| Statement of responsibility, etc. | by Arthur F. Raper and Martha J. Raper. |
| 260 ## - PUBLICATION, DISTRIBUTION, ETC. | |
| Place of publication, distribution, etc. | Washington, D.C. : |
| Name of publisher, distributor, etc. | Office of Foreign Agricultural Relations and Bureau of Agricultural Economics, U.S. Dept. of Agriculture, |
| Date of publication, distribution, etc. | [1951]. |
| 300 ## - PHYSICAL DESCRIPTION | |
| Extent | iii, 82 p. : |
| Other physical details | ill., maps ; |
| Dimensions | 26 cm. |
| 440 #0 - SERIES STATEMENT/ADDED ENTRY--TITLE | |
| Title | Agriculture information bulletin ; |
| Volume/sequential designation | no. 30 |
| 504 ## - BIBLIOGRAPHY, ETC. NOTE | |
| Bibliography, etc. note | "Selected references" : p. 79. |
| 650 #0 - SUBJECT ADDED ENTRY--TOPICAL TERM | |
| Topical term or geographic name entry element | Agriculture |
| Geographic subdivision | United States. |
| 700 1# - ADDED ENTRY--PERSONAL NAME | |
| Personal name | Raper, Martha J. |
| Fuller form of name | (Martha Jarrell), |
| Dates associated with a name | 1905- |
No items available.